<?xml version="1.0" encoding="UTF-8"?>
<record
    xmlns:xsi="http://www.w3.org/2001/XMLSchema-instance"
    xsi:schemaLocation="http://www.loc.gov/MARC21/slim http://www.loc.gov/standards/marcxml/schema/MARC21slim.xsd"
    xmlns="http://www.loc.gov/MARC21/slim">

  <leader>02722    a2200217   4500</leader>
  <datafield tag="020" ind1=" " ind2=" ">
    <subfield code="a">0932750230</subfield>
  </datafield>
  <datafield tag="020" ind1=" " ind2=" ">
    <subfield code="a">9780932750235</subfield>
  </datafield>
  <datafield tag="082" ind1="0" ind2="4">
    <subfield code="a">332</subfield>
  </datafield>
  <datafield tag="090" ind1=" " ind2=" ">
    <subfield code="c">3094</subfield>
    <subfield code="d">3094</subfield>
  </datafield>
  <datafield tag="100" ind1="1" ind2=" ">
    <subfield code="a">Frost, A. J.</subfield>
  </datafield>
  <datafield tag="245" ind1="1" ind2="0">
    <subfield code="a">Elliott wave principle :</subfield>
    <subfield code="b">key to market behavior /</subfield>
    <subfield code="c">A. J. Frost.</subfield>
  </datafield>
  <datafield tag="250" ind1=" " ind2=" ">
    <subfield code="a">7 Expanded ed.</subfield>
  </datafield>
  <datafield tag="260" ind1=" " ind2=" ">
    <subfield code="a">[S.l.] :</subfield>
    <subfield code="b">New Classics Library,</subfield>
    <subfield code="c">1995.</subfield>
  </datafield>
  <datafield tag="300" ind1=" " ind2=" ">
    <subfield code="a">249 p. ;</subfield>
    <subfield code="c">24 cm.</subfield>
  </datafield>
  <datafield tag="500" ind1=" " ind2=" ">
    <subfield code="a">Hardcover.</subfield>
  </datafield>
  <datafield tag="520" ind1=" " ind2=" ">
    <subfield code="a">Developed by Ralph Nelson Elliott in the 1930s and '40s, the Elliott Wave Principle is a powerful analytical tool for forecasting stock market behavior. The basic concept behind the Wave Principle is that stock market prices rise and fall in discernible patterns and that those patterns can be linked together into waves. In the years since it was first published, this classic guide to the Elliott Wave Principle has acquired a cult status among technical analysts, worldwide. And with each new edition, the authors have refined and enhanced the principle, while retaining all the predictions from past editions. The 20th Anniversay Edition includes a special foreword and enhanced text. It&#xC3;&#xA2;&#xE2;&#x201A;&#xAC;&#xE2;&#x201E;&#xA2;s the final revision of a classic. "Elliott Wave Principle is simply the best description and validation of a concept which by all rights should be revolutionizing the scientific study of history and sociology." &#xC3;&#xA2;&#xE2;&#x201A;&#xAC;&#xE2;&#x20AC;&#x153;JWG, New York "Elliott Wave Principle is such an important, fascinating, even mind-bending work, we are convinced that is should be read by any and every serious student of the market, be they fundamentalist or technician, dealing in stocks, bonds or commodities." &#xC3;&#xA2;&#xE2;&#x201A;&#xAC;&#xE2;&#x20AC;&#x153;Market Decision$ "Even allowing for minor stumbles, that 1978 prediction must go down as the most remarkable stock market prediction of all time." &#xC3;&#xA2;&#xE2;&#x201A;&#xAC;&#xE2;&#x20AC;&#x153;James W. Cowan, Monitor Money Review "Elliott Wave Principle is the greatest work of any kind, anywhere. It has helped me abandon speculative stock tips and stockbroker newsletter recommendations for my own predictions based on the simple wave theory." &#xC3;&#xA2;&#xE2;&#x201A;&#xAC;&#xE2;&#x20AC;&#x153;J.V. "I have just received my copy of Elliott Wave Principle and find it to be unquestionably the best book and explanation regarding the works of Elliott that I&#xC3;&#xA2;&#xE2;&#x201A;&#xAC;&#xE2;&#x201E;&#xA2;ve ever seen." &#xC3;&#xA2;&#xE2;&#x201A;&#xAC;&#xE2;&#x20AC;&#x153;J.B.B. "I have recently read and reread Elliott Wave Principle. I was impressed with the research and especially thrilled with the excitement of coming into contact with a truly original co</subfield>
  </datafield>
  <datafield tag="700" ind1=" " ind2=" ">
    <subfield code="a">Prechter, R</subfield>
  </datafield>
  <datafield tag="856" ind1=" " ind2=" ">
    <subfield code="3">Amazon.com</subfield>
    <subfield code="u">http://www.amazon.com/exec/obidos/ASIN/0932750230/</subfield>
  </datafield>
  <datafield tag="856" ind1=" " ind2=" ">
    <subfield code="3">Amazon customer reviews</subfield>
    <subfield code="u">http://www.chopac.org/cgi-bin/tools/azrev.</subfield>
  </datafield>
  <datafield tag="942" ind1=" " ind2=" ">
    <subfield code="a">NBS</subfield>
    <subfield code="c">BK</subfield>
    <subfield code="k">332.6322 FRO</subfield>
  </datafield>
  <datafield tag="999" ind1=" " ind2=" ">
    <subfield code="c">345583</subfield>
    <subfield code="d">345583</subfield>
  </datafield>
  <datafield tag="952" ind1=" " ind2=" ">
    <subfield code="0">0</subfield>
    <subfield code="1">0</subfield>
    <subfield code="4">0</subfield>
    <subfield code="7">0</subfield>
    <subfield code="a">CL</subfield>
    <subfield code="b">CL</subfield>
    <subfield code="d">2013-08-28</subfield>
    <subfield code="l">1</subfield>
    <subfield code="o">332.6322 FRO</subfield>
    <subfield code="p">NBS1344</subfield>
    <subfield code="r">2020-01-20</subfield>
    <subfield code="s">2017-08-08</subfield>
    <subfield code="w">2013-08-28</subfield>
    <subfield code="y">BK</subfield>
  </datafield>
</record>
